| 000 | 00556nam a22002177a 4500 | ||
|---|---|---|---|
| 999 |
_c6536 _d6536 |
||
| 001 | 6536 | ||
| 003 | BD-JhCC | ||
| 005 | 20180125082358.0 | ||
| 008 | 180125b xxu||||| |||| 00| 0 eng d | ||
| 035 | _a(BD-JhCC)6536 | ||
| 040 |
_aBD-JhCC _dBD-JhCC |
||
| 041 | _aeng | ||
| 082 |
_a297.09 _bPLA 1970 |
||
| 100 | _aPlanhol, Xavier de | ||
| 245 |
_aThe World of Islam / _c Xavier de Planhol |
||
| 260 |
_aLondon : _bCornell University Press, _c1970. |
||
| 300 |
_a142 p. : _c22 cm. |
||
| 650 | _aIslamic Civilization | ||
| 942 |
_2ddc _cBK |
||